Cities in Tuvalu accepted by cityquiz.io - Statistics

General Stats
  • This quiz has been taken 148 times
  • The average score is 2 of 8
Answer Stats
Population Answer % Correct
6,320 Funafuti
97%
236 Tonga
39%
638 Vaiaku
34%
245 Tokelau
25%
198 Asau
17%
321 Alamoni-Maiaki
7%
128 Amatuku
7%
221 Manutalake-Meang
7%
No matching quizzes found
Score Distribution
Percent of People with Each Score
Percentile by Number Answered
Your Score History
You have not taken this quiz